000 00473nam a22001817a 4500
003 koha_MIRAKIL
005 20231213065333.0
008 231213b |||||||| |||| 00| 0 ||| d
020 _b978-3-85272-152-1
040 _aTR-IsEVY
_btur
_cTR-IsEVY
082 _a420 STE/T
100 _aSTEVENSON, ROBERT LOUİS.
245 4 _aTHE STRANGE CASE OF DOCTOR JEKYLL AND MR HYDE.
260 _bHELBLING,
_c2009
300 _a102.
650 _aİngiliz Dili.
942 _2ddc
_cBK
999 _c1962
_d1962